000
00301nam a2200109 4500
008
180215b xxu||||| |||| 00| 0 eng d
245
_a
Diabetics need to get off their chairs.
260
_a
Philippines
_b
The Philippine Star
_c
c2017
300
_a
page 19.
650
0
_9
26552
_a
Diabetes.
942
_2
ddc
_c
PER
999
_c
8679
_d
8679